[Event "9th Georgiev-Kesarovski Mem"]
[Site "Sunny Beach BUL"]
[Date "2010.09.02"]
[Round "6"]
[White "Mitkov,M"]
[Black "Filip,L"]
[Result "1/2-1/2"]
[WhiteElo "2398"]
[BlackElo "2470"]

1.d4 Nf6 2.c4 e6 3.Nf3 b6 4.g3 Ba6 5.Qa4 Bb7 6.Bg2 c5 7.dxc5 Bxc5 8.O-O O-O
9.Nc3 Be7 10.Rd1 Na6 11.Bf4 Nc5 12.Qc2 Qc8 13.Rd4 d5 14.Rc1 Nce4 15.Nxe4 dxe4
16.Ne5 Rd8 17.Rxd8+ Qxd8 18.Rd1 Qe8 19.Bg5 h6 20.Be3 Rc8 21.h3 Bc5 22.Qd2 Be7
23.b3 Rd8 24.Qc2 Rxd1+ 25.Qxd1 Qc8 26.Qd2 Qc7 27.Ng4 Nd7 28.Bd4 Qd6 29.Bc3 Qxd2
30.Bxd2 f5 31.Ne3 Kf7 32.Bc3 g6 33.Kf1 h5 34.f3 exf3 35.Bxf3 Bxf3 36.exf3 Bf6
37.Bxf6 Kxf6 38.f4 g5 39.h4 g4 40.b4 Ke7 41.Ke2 Nf6 42.Kd3 Ne4 43.Nf1 Kd6
44.Kd4 a6 45.a3 a5 46.Kd3 axb4 47.axb4 Kc6 48.Kd4 Kd6 49.Kd3 e5 50.Ke3 Ke6
51.Kd3 Kd6 52.Ke3 Ke6 53.Kd3 Kd6 54.Ke3  1/2-1/2

[Event "17th IM"]
[Site "Graz AUT"]
[Date "2010.09.03"]
[Round "7"]
[White "Gruskovnjak,T"]
[Black "Schreiner,Pe"]
[Result "1/2-1/2"]
[WhiteElo "2363"]
[BlackElo "2188"]

1.d4 Nf6 2.Nf3 e6 3.c4 b6 4.g3 Ba6 5.Qb3 Nc6 6.Nbd2 Bb7 7.e4 d6 8.Bg2 Be7
9.d5 exd5 10.exd5 Nb8 11.O-O c5 12.Qc2 O-O 13.Nh4 Re8 14.b3 Bf8 15.Bb2 Nbd7
16.Rfe1 g6 17.Nhf3 Bg7 18.h4 Rxe1+ 19.Rxe1 Qf8 20.Bh3 Re8 21.Ne4 Rxe4 22.Rxe4 Nxe4
23.Bxg7 Qxg7 24.Qxe4 Ne5 25.Nxe5 Qxe5 26.Qxe5 dxe5 27.g4 Bc8 28.Kg2 f5 29.g5 h6
30.f4 hxg5 31.hxg5 e4 32.Kf2 Kf7 33.Ke3 Ke7 34.Bf1 Kd6 35.a3 Bd7 36.Be2 a5
37.Kd2 Be8 38.Kc3 Bd7 39.Bf1  1/2-1/2

[Event "9th Georgiev-Kesarovski Mem"]
[Site "Sunny Beach BUL"]
[Date "2010.09.05"]
[Round "9"]
[White "Vasilev,M"]
[Black "Dimitrov,R"]
[Result "0-1"]
[WhiteElo "2473"]
[BlackElo "2380"]

1.d4 Nf6 2.c4 e6 3.Nf3 b6 4.g3 Ba6 5.b3 Bb4+ 6.Bd2 Be7 7.Bg2 c6 8.Bc3 d5
9.Nbd2 Nbd7 10.O-O O-O 11.Ne5 Nxe5 12.dxe5 Nd7 13.Qc2 Qc7 14.f4 b5 15.e4 dxc4
16.bxc4 bxc4 17.Nf3 Nc5 18.f5 Rfd8 19.Nd4 Nd3 20.Nf3 Qb6+ 21.Kh1 Qe3 22.h3 Rab8
23.Kh2 Nb4 24.Bxb4 Bxb4 25.fxe6 fxe6 26.Qa4 Rb6 27.Rab1 Be7 28.Rxb6 Qxb6
29.h4 c3 30.Rc1 Rd3 31.Ne1 Re3 32.Qd1 Qc5 33.Qd7 Qxe5 34.Qxe7 Qxg3+ 35.Kg1 Rxe1+
36.Rxe1 Qxe1+ 37.Kh2 h6 38.h5 Qf2 39.Qe8+ Qf8 40.Qxc6 Qc8  0-1

[Event "EYCC Girls U18"]
[Site "Batumi GEO"]
[Date "2010.09.21"]
[Round "2"]
[White "Fur,K"]
[Black "Tsatsalashvili,K"]
[Result "0-1"]
[WhiteElo "2019"]
[BlackElo "2266"]

1.d4 Nf6 2.Nf3 e6 3.c4 b6 4.g3 Ba6 5.b3 Bb4+ 6.Bd2 Be7 7.Nc3 c6 8.Bg2 d5
9.cxd5 cxd5 10.O-O Nc6 11.a3 O-O 12.b4 Bc4 13.Bf4 b5 14.Ne5 Nxe5 15.Bxe5 Nd7
16.Bf4 a5 17.Rb1 axb4 18.axb4 Qb6 19.Qd2 Ra3 20.Rfc1 Bf6 21.Be3 Nb8 22.Rb2 Nc6
23.Rd1 Rb3 24.Nb1 Be7 25.Rxb3 Bxb3 26.Rc1 Bc4 27.f4 Bxb4 28.Qb2 Ra8 29.Nd2 Bxd2
30.Qxd2 Ra2 31.Rc2 Rxc2 32.Qxc2 b4 33.Qb2 Qa6 34.Kf2 Qa2 35.Bc1 Nxd4 36.e3 Nb5
37.Qxa2 Bxa2 38.Bb2 Na3 39.Ke2 Nc4 40.Bd4 b3 41.e4 b2 42.Bxb2 Nxb2 43.Kd2 f6
44.Kc3 Nd1+  0-1

[Event "39th Olympiad Men"]
[Site "Khanty-Mansiysk RUS"]
[Date "2010.09.21"]
[Round "1"]
[White "Jung Young Hoon"]
[Black "Bitoon,R"]
[Result "0-1"]
[WhiteElo "1923"]
[BlackElo "2447"]

1.d4 Nf6 2.c4 e6 3.Nf3 b6 4.g3 Ba6 5.Qc2 Bb7 6.Bg2 Bb4+ 7.Bd2 Be7 8.O-O O-O
9.d5 exd5 10.Nh4 c6 11.cxd5 cxd5 12.Nc3 Na6 13.Nf5 Rc8 14.Bf4 Ne4 15.Bxe4 dxe4
16.Bd6 Bf6 17.Bxf8 Qxf8 18.Qd2 Rc5 19.Ne3 Bxc3 20.bxc3 Bc6 21.c4 Nc7 22.Rfd1 Ne6
23.Qd6 Qxd6 24.Rxd6 Nd8 25.Rad1 Ra5 26.R1d2 Ra3 27.Kf1 g6 28.Ng4 Ne6 29.Ne3  0-1

[Event "EYCC Girls U18"]
[Site "Batumi GEO"]
[Date "2010.09.22"]
[Round "3"]
[White "Tsatsalashvili,K"]
[Black "Abdulla,K"]
[Result "1-0"]
[WhiteElo "2266"]
[BlackElo "2193"]

1.d4 Nf6 2.c4 e6 3.Nf3 b6 4.g3 Ba6 5.b3 Bb4+ 6.Bd2 Be7 7.Bg2 c6 8.O-O d5
9.Qc2 Nbd7 10.Rd1 O-O 11.Bf4 Rc8 12.Nc3 Nh5 13.e4 dxc4 14.Be3 Nb8 15.e5 g6
16.Ne4 cxb3 17.axb3 Rc7 18.Bh6 Ng7 19.Nf6+ Kh8 20.Ng5 Bxf6 21.exf6 Qxf6 22.Ne4 Qe7
23.Bf4 Ne8 24.Bxc7 Nxc7 25.Qd2 Nd5 26.Qh6 f6 27.Rdc1 Nb4 28.Nc3 Rd8 29.Rd1 Bd3
30.d5 e5 31.dxc6 N8xc6 32.Nd5 Nxd5 33.Rxd3 Ncb4 34.Rd2 Nc3 35.Qe3 Nb5 36.Bf1 Nd5
37.Qf3 Nbc7 38.Bc4 Nb4 39.Rxd8+ Qxd8 40.Rd1 Qf8 41.Rd7 Ne8 42.Qa8  1-0

[Event "EYCC Boys U12"]
[Site "Batumi GEO"]
[Date "2010.09.23"]
[Round "4"]
[White "Sidabras,Jonas"]
[Black "Grigorian,Sp"]
[Result "0-1"]
[WhiteElo "1597"]
[BlackElo "1835"]

1.d4 Nf6 2.c4 e6 3.Nf3 b6 4.g3 Ba6 5.b3 Bb4+ 6.Nbd2 Be7 7.Bg2 c6 8.O-O d5
9.Ne5 Nfd7 10.cxd5 Nxe5 11.dxe5 cxd5 12.Re1 Nd7 13.Bb2 Rc8 14.Nf3 Qc7 15.Qd4 Bc5
16.Qa4 Bb7 17.Qg4 O-O 18.Qf4 Rfd8 19.Nd2 Qb8 20.Nf3 h6 21.Rac1 Nf8 22.e4 Ng6
23.Qd2 Ne7 24.a3 Rd7 25.Qd3 Rdc7 26.Qd2 Rd8 27.Rc3 dxe4  0-1

[Event "EYCC Boys U16"]
[Site "Batumi GEO"]
[Date "2010.09.23"]
[Round "5"]
[White "Grigoryan,K2"]
[Black "Druska,J"]
[Result "1-0"]
[WhiteElo "2290"]
[BlackElo "2243"]

1.Nf3 Nf6 2.c4 b6 3.d4 e6 4.g3 Ba6 5.Qa4 Bb7 6.Bg2 c5 7.dxc5 Bxc5 8.O-O O-O
9.Nc3 Be7 10.Rd1 d6 11.Bf4 a6 12.Qa3 Ne8 13.b4 Qc7 14.c5 bxc5 15.bxc5 e5
16.Be3 dxc5 17.Nd5 Bxd5 18.Rxd5 Nd7 19.Rxd7 Qxd7 20.Nxe5 Qc7 21.Bxa8 Qxe5
22.Rc1 Nc7 23.Bf3 Ne6 24.Qxa6 Nd4 25.Bxd4 cxd4 26.a4 g6 27.Rb1 Rb8 28.Rb5 Rxb5
29.axb5 Bd8 30.Qc6 Qc7 31.Qe8+ Kg7 32.Bd5 Qe7 33.Bxf7 Qd6 34.Bc4 Bc7 35.h4 Bb6
36.Qf7+ Kh6 37.Bd3 Ba5 38.Kg2 Bc7 39.Kh3 Bb8 40.f4 Qd8 41.g4  1-0

[Event "EYCC Boys U18"]
[Site "Batumi GEO"]
[Date "2010.09.23"]
[Round "5"]
[White "Bogdanovich,S"]
[Black "Javakhadze,Z"]
[Result "1/2-1/2"]
[WhiteElo "2464"]
[BlackElo "2358"]

1.d4 Nf6 2.c4 e6 3.Nf3 b6 4.g3 Ba6 5.Nbd2 Bb4 6.Qc2 Bb7 7.Bg2 Be4 8.Qd1 Bxd2+
9.Qxd2 O-O 10.O-O d6 11.b3 Nbd7 12.Bb2 Qe7 13.Rfe1 c5 14.Bf1 d5 15.cxd5 Bxd5
16.Ne5 cxd4 17.Nxd7 Nxd7 18.Qxd4 f6 19.e4 Bb7 20.Rac1 Rac8 21.Rxc8 Rxc8 22.Ba3 Qe8
23.Rd1 Ne5 24.Bg2 Bc6 25.f4 Nf7 26.Qb4 Rd8 27.Rc1 e5 28.Qe7 exf4 29.gxf4 h6
30.Qxe8+ Bxe8 31.Bh3 Bd7 32.Bf1 Bg4 33.Bc4 Re8 34.f5 Rxe4 35.Be6 Bh5 36.Rc8+ Kh7
37.Rf8 Re1+ 38.Kf2 Re2+ 39.Kg3 Rxa2 40.Bc1 g5 41.fxg6+ Bxg6 42.Bxf7 Kg7 43.Bxg6 Kxf8
44.Bxh6+ Ke7 45.h4 Rb2 46.h5 Rxb3+ 47.Kg2 Rb2+ 48.Kg3 Rb3+ 49.Kg2 Rb2+ 50.Kg1 a5
51.Bg7 Rb4 52.h6 Rg4+ 53.Kf2 Rxg6 54.h7 Rxg7 55.h8=Q Rg4 56.Qh7+ Kd6 57.Qd3+ Kc7
58.Qc3+ Kd7 59.Qxf6 Rb4 60.Qc3 Rb5 61.Qd4+ Kc7 62.Qg7+ Kb8 63.Qf8+ Kb7 64.Qf7+ Kc6
65.Qe6+ Kc7 66.Qe7+ Kc6 67.Qe8+ Kc5 68.Qc8+ Kd6 69.Ke3 Re5+ 70.Kf4 Rb5 71.Qd8+ Kc6
72.Qe8+ Kc5 73.Ke5 Kb4+ 74.Kd4 Rc5 75.Qe2 a4 76.Qa6 Rc6 77.Kd5 Rc5+ 78.Kd4 Rc6
79.Qf1 Rc5 80.Qb1+ Ka5 81.Qb2 Rc6 82.Kd5 Rc5+ 83.Kd6 Rc4 84.Qd2+ Kb5 85.Qe2 Kb4
86.Kd5 Rc5+ 87.Kd4 Ka5 88.Qf1 Rc6 89.Qe1+ Ka6 90.Qe8 Rc5 91.Qxa4+ Kb7 92.Qd7+ Kb8
93.Qe7 Ka8 94.Qe8+ Ka7 95.Qa4+ Kb7 96.Ke4 Rc7 97.Kd5 Rc5+ 98.Kd6 Rc7 99.Qb5 Rc5
100.Qe8 Rc7 101.Qe5 Rc5 102.Qf4 Rc7 103.Ke6 Kb8 104.Qe4 Rc5 105.Kd7 Rc7+
106.Kd6 Rc8 107.Qe6 Rc7 108.Qd5 Rc5 109.Qf7 Rc8 110.Qb3 Kb7 111.Qd5+ Kb8
112.Ke7 Rc7+ 113.Ke6 Rc8 114.Qd6+ Kb7 115.Kd7 Rc5 116.Qe6 Rc8 117.Qe4+ Kb8
118.Qf4+ Kb7 119.Qe5 Rc5 120.Qe8 Rd5+ 121.Ke6 Rc5 122.Qd8 Rc6+ 123.Kd7 Rc5
124.Kd6 Rc6+ 125.Kd5 Rc5+ 126.Kd4 Rc7 127.Qd5+ Kb8 128.Qe4 Rc5 129.Qe3 Kb7
130.Qe2 Rc7 131.Qg2+ Kb8 132.Kd5 Rc5+ 133.Kd6 Rc7 134.Qf3 Rc8 135.Qf7 Rc5
136.Qd7 Rc8 137.Qe6 Rc7 138.Qf5 Kb7 139.Qf4 Kb8 140.Qf1 Kb7 141.Qh1+  1/2-1/2

[Event "EYCC Boys U14"]
[Site "Batumi GEO"]
[Date "2010.09.24"]
[Round "6"]
[White "Kumsiashvili,N"]
[Black "Mirzoev,E"]
[Result "1/2-1/2"]
[WhiteElo "1988"]
[BlackElo "2109"]

1.d4 Nf6 2.c4 e6 3.Nf3 b6 4.g3 Ba6 5.Qc2 c5 6.d5 exd5 7.cxd5 Be7 8.Bg2 O-O
9.Qd1 d6 10.O-O Re8 11.Re1 Bf8 12.Qc2 g6 13.e4 Bg7 14.a4 Bc8 15.Nc3 Na6 16.Bf4 Nh5
17.Bg5 Qd7 18.Rad1 h6 19.Be3 Nb4 20.Qd2 Kh7 21.Bf1 Ba6 22.Bxa6 Nxa6 23.Kg2 Nc7
24.Qc2 a6 25.Rb1 b5 26.b4 cxb4 27.Rxb4 a5 28.Rbb1 b4 29.Ne2 Na6 30.Bb6 Rec8
31.Qd1 Nc5 32.Bxc5 dxc5 33.h3 Rab8 34.e5 Bf8 35.g4 Ng7 36.Nf4 c4 37.e6 Qc7
38.Qd4 Bd6 39.Ne5 fxe6 40.Nexg6 Bxf4 41.Nxf4 exd5 42.Nxd5 Qc5  1/2-1/2

[Event "OIS"]
[Site "Munich GER"]
[Date "2010.09.27"]
[Round "3"]
[White "Suligoy,A"]
[Black "Fedorovsky,M"]
[Result "0-1"]
[WhiteElo "1965"]
[BlackElo "2411"]

1.d4 Nf6 2.c4 e6 3.Nf3 b6 4.g3 Ba6 5.Qc2 c5 6.Bg2 Nc6 7.dxc5 Bxc5 8.a3 Rc8
9.O-O Nd4 10.Nxd4 Bxd4 11.Nd2 b5 12.e3 Bb6 13.b4 O-O 14.Rb1 Qc7 15.Bb2 bxc4
16.Bxf6 gxf6 17.Qe4 d5 18.Qh4 Qd8 19.Nf3 c3 20.b5 c2 21.Rb4 c1=Q 22.Rg4+ Kh8
23.Qh6 Rg8 24.Rxg8+ Kxg8 25.bxa6 Qxa3 26.g4 Rc1 27.g5 Rxf1+ 28.Bxf1 Bxe3  0-1

[Event "21st Open"]
[Site "Goch GER"]
[Date "2010.10.02"]
[Round "5.20"]
[White "Holscher,P"]
[Black "Nagel,B"]
[Result "0-1"]
[WhiteElo "2080"]
[BlackElo "2254"]

1.d4 e6 2.Nf3 Nf6 3.c4 b6 4.g3 Ba6 5.b3 b5 6.cxb5 Bxb5 7.Nc3 Ba6 8.Bg2 d5
9.O-O Nbd7 10.Bb2 c5 11.Rc1 Rc8 12.dxc5 Bxc5 13.Nd4 O-O 14.a3 Qe7 15.b4 Bxd4
16.Qxd4 Nb6 17.b5 Bb7 18.Na2 Nc4 19.Rxc4 Rxc4 20.Qxa7 Ra8 21.Qb6 Qc7 22.Qxc7 Rxc7
23.Nb4 Ra5 24.b6 Rc4 25.e3 Nd7 26.Rd1 Nxb6 27.Bf1 Rc8 28.f4 f6 29.Bd4 Nc4
30.Bxc4 dxc4 31.Bb2 Bf3 32.Rd6 c3 33.Bc1 Kf7 34.Kf2 Ke7 35.Rd3 Be4 36.Rd4 f5
37.Ke2 Ra7 38.g4 Rd7 39.g5 Rcd8 40.Rc4 Rd2+  0-1

[Event "TCh-HUN 2010-11"]
[Site "Paks HUN"]
[Date "2010.10.10"]
[Round "1"]
[White "Markus,Rob"]
[Black "Papp,Ga"]
[Result "1-0"]
[WhiteElo "2624"]
[BlackElo "2526"]

1.d4 Nf6 2.c4 e6 3.Nf3 b6 4.g3 Ba6 5.b3 Bb4+ 6.Bd2 Be7 7.Bg2 c6 8.O-O d5
9.Qc2 Nbd7 10.a4 O-O 11.Rd1 Ne4 12.Be1 f5 13.Na3 Rc8 14.e3 Bd6 15.b4 Qe7
16.Qb3 Bxc4 17.Nxc4 dxc4 18.Qxc4 Ndf6 19.Ne5 c5 20.Rac1 Rc7 21.b5 cxd4 22.Qxd4 Bc5
23.Qc4 Re8 24.Rd3 Nd6 25.Qb3 Nde4 26.Nc6 Qf8 27.Rcd1 Nd5 28.Qc4 Nd6 29.Qh4 Nf6
30.Bc3 Nde4 31.Bxe4 Nxe4 32.Be5 Rf7 33.Rd7 Be7 34.Qh5 g6 35.Qe2 Bf6 36.Qb2 Bxe5
37.Qxe5 Nf6 38.Rd8 Ng4 39.Qb8 Nf6 40.Rxe8  1-0

[Event "TCh-CHN"]
[Site "Guangzhou CHN"]
[Date "2010.10.14"]
[Round "14"]
[White "Huang Qian"]
[Black "Zhao Xue"]
[Result "1/2-1/2"]
[WhiteElo "2439"]
[BlackElo "2490"]

1.d4 Nf6 2.c4 e6 3.Nf3 b6 4.g3 Ba6 5.Qc2 d5 6.cxd5 exd5 7.Nc3 Bd6 8.Bg5 c6
9.Bg2 O-O 10.O-O Nbd7 11.Rfe1 h6 12.Bxf6 Nxf6 13.a3 Re8 14.e3 Qd7 15.b4 Ne4
16.Rec1 Rac8 17.Qa4 Bc4 18.Qc2 Nxc3 19.Qxc3 c5 20.bxc5 bxc5 21.Qd2 Qa4 22.dxc5 Rxc5
23.Nd4 Be5 24.Qb4 Qxb4  1/2-1/2

[Event "Spartak GM"]
[Site "Subotica SRB"]
[Date "2010.10.24"]
[Round "2"]
[White "Ilincic,Z"]
[Black "Sax,G"]
[Result "1/2-1/2"]
[WhiteElo "2447"]
[BlackElo "2529"]

1.d4 Nf6 2.c4 e6 3.Nf3 b6 4.g3 Ba6 5.Qa4 Bb7 6.Bg2 c5 7.O-O cxd4 8.Nxd4 Bxg2
9.Kxg2 Qc8 10.Rd1 a6 11.Nc3 Qb7+ 12.f3 Be7 13.Bg5 h6 14.Bxf6 Bxf6 15.Qb3 Nc6
16.Ne4 Be7 17.c5 Na5 18.Qc3 O-O 19.b4 bxc5 20.Nxc5 Bxc5 21.Qxc5 Nc6 22.Nxc6 Qxc6
23.Qxc6 dxc6 24.Rd6 Rfb8 25.a3 a5 26.bxa5 Rb2 27.Kf2 Rc2 28.Ke1 Rxa5 29.Rd2 Rc3
30.a4 Rc4 31.Rda2  1/2-1/2

[Event "Uxbridge Premier"]
[Site "Denham ENG"]
[Date "2010.10.26"]
[Round "4"]
[White "Rudd,J"]
[Black "Arkell,K"]
[Result "1-0"]
[WhiteElo "2251"]
[BlackElo "2439"]

1.Nf3 Nf6 2.d4 e6 3.c4 b6 4.g3 Ba6 5.Qc2 b5 6.cxb5 Bxb5 7.Nc3 Ba6 8.Bg2 Be7
9.e4 c6 10.Bg5 O-O 11.O-O-O d5 12.e5 Nfd7 13.h4 Re8 14.Bxe7 Qxe7 15.Ng5 Nf8
16.f4 Nbd7 17.f5 h6 18.fxe6 fxe6 19.Nh3 c5 20.Nxd5 exd5 21.Bxd5+ Ne6 22.Nf4 Nf8
23.dxc5 Rad8 24.Bb3 Rxd1+ 25.Rxd1 Bc8 26.Rd6 Qf7 27.h5 Kh8 28.c6 Qc7 29.Qc4 Qa5
30.Qc3 Qb6 31.Ng6+ Nxg6 32.hxg6 Qc7 33.a4 Qe7 34.Kb1 Ng5 35.Bd5 Bf5+ 36.Ka1 Ne4
37.Bxe4 Bxe4 38.c7 Bf5 39.Qc5 Be6 40.Qc6 Bc8 41.Qxe8+ Qxe8 42.Rd8 Qg8 43.b4 a6
44.b5 axb5 45.axb5 h5 46.b6 h4 47.gxh4  1-0

[Event "Chigorin Mem Classic Open"]
[Site "St Petersburg RUS"]
[Date "2010.10.29"]
[Round "2"]
[White "Neverov,V"]
[Black "Hadzimanolis,A"]
[Result "0-1"]
[WhiteElo "2519"]
[BlackElo "2331"]

1.d4 Nf6 2.Nf3 e6 3.c4 b6 4.g3 Ba6 5.b3 b5 6.cxb5 Bxb5 7.Bg2 Bb4+ 8.Bd2 a5
9.O-O O-O 10.Ne5 Ra7 11.a4 Ba6 12.Na3 Bb7 13.Bxb4 axb4 14.Nc2 Bxg2 15.Kxg2 Na6
16.f3 Qa8 17.Nd3 d6 18.e4 Rb8 19.Qe2 Nd7 20.Ne3 c5 21.d5 Nf6 22.dxe6 fxe6
23.e5 dxe5 24.Nxe5 Rd8 25.Rad1 Rd4 26.Rxd4 cxd4 27.Nc2 Qd5 28.Rd1 Qxb3 29.Nxd4 Qxa4
30.Qc4 Nc7 31.Nxe6 Qa2+ 32.Kh3 Qxc4 33.Rd8+ Nfe8 34.Nxc4 Ra8 35.Rxa8 Nxa8
36.Kg4 Nac7 37.Nc5 Kf7 38.Kf5 Ke7 39.Ke5 Nf6 40.Nb6 Nb5 41.Nd3 b3 42.Nc4 Nd7+
43.Kf4 Nf8 44.Nd2 Ne6+ 45.Ke5 Nbd4 46.Ke4 Kf6 47.Kd5 Kf5 48.Kc4 g5 49.g4+ Kg6
50.Kd5 h5 51.Ne5+ Kf6 52.gxh5 b2 53.h6 Ne2 54.Ng4+ Kf5 55.h7 N6f4+ 56.Kd6 Ng6
57.Ne5 Nxe5 58.h8=N Nc4+  0-1

[Event "Chigorin Mem Classic Open"]
[Site "St Petersburg RUS"]
[Date "2010.10.29"]
[Round "2"]
[White "Neverov,V"]
[Black "Hadzimanolis,A"]
[Result "0-1"]
[WhiteElo "2519"]
[BlackElo "2331"]

1.d4 Nf6 2.Nf3 e6 3.c4 b6 4.g3 Ba6 5.b3 b5 6.cxb5 Bxb5 7.Bg2 Bb4+ 8.Bd2 a5
9.O-O O-O 10.Ne5 Ra7 11.a4 Ba6 12.Na3 Bb7 13.Bxb4 axb4 14.Nc2 Bxg2 15.Kxg2 Na6
16.f3 Qa8 17.Nd3 d6 18.e4 Rb8 19.Qe2 Nd7 20.Ne3 c5 21.d5 Nf6 22.dxe6 fxe6
23.e5 dxe5 24.Nxe5 Rd8 25.Rad1 Rd4 26.Rxd4 cxd4 27.Nc2 Qd5 28.Rf2 Qxb3 29.Nxd4 Qxa4  0-1

[Event "Chigorin Mem Classic Open"]
[Site "St Petersburg RUS"]
[Date "2010.10.30"]
[Round "3"]
[White "Khismatullin,D"]
[Black "Pavlov,Aleks"]
[Result "1-0"]
[WhiteElo "2654"]
[BlackElo "2269"]

1.d4 Nf6 2.c4 e6 3.Nf3 b6 4.g3 Ba6 5.b3 Bb7 6.Bg2 Bb4+ 7.Bd2 a5 8.O-O O-O
9.Nc3 Re8 10.a3 Bf8 11.d5 exd5 12.cxd5 Na6 13.Qc2 Nc5 14.Nd4 g6 15.Rad1 Bg7
16.Bc1 Nh5 17.e4 Ba6 18.Rfe1 f5 19.b4 axb4 20.axb4 Nxe4 21.Nxe4 fxe4 22.Rxe4 Rxe4
23.Bxe4 Qe8 24.d6 c6 25.Nxc6 Kh8 26.Ne7 Rb8 27.Re1 Qf7 28.Qc7 Rf8 29.Be3 Nf6
30.Bf3 Ne8 31.Qxb6 Qxf3 32.Qxa6 Be5 33.Bc5 Bc3 34.Rf1 Ng7 35.Qc4 Ne6 36.Be3 Be5
37.b5 Bxd6 38.Qc3+ Qf6 39.Qxf6+ Rxf6 40.Nc8 Bb8 41.Rd1 Rf5 42.b6 Nf8 43.Bd4+  1-0

[Event "VII Open"]
[Site "Figueira da Foz POR"]
[Date "2010.10.31"]
[Round "1.13"]
[White "Dias,P"]
[Black "Osvaldo,C"]
[Result "1-0"]
[WhiteElo "2394"]
[BlackElo "1891"]

1.d4 Nf6 2.Nf3 e6 3.c4 b6 4.g3 Ba6 5.Qa4 Be7 6.Nc3 Bb7 7.Bg2 O-O 8.O-O d5
9.cxd5 Nxd5 10.Nxd5 Bxd5 11.Rd1 Qe8 12.Qc2 Qc6 13.Qd3 Qb7 14.e4 Bc6 15.d5 Be8
16.Bf4 Na6 17.Rac1 Nc5 18.Qe2 exd5 19.exd5 Bd6 20.Bxd6 cxd6 21.Nd4 Ba4 22.b3 Rfe8
23.Qd2 Bd7 24.Qf4 Re5 25.b4 Na6 26.Nc6 Bxc6 27.dxc6 Qe7 28.c7  1-0

[Event "Chigorin Mem Classic Open"]
[Site "St Petersburg RUS"]
[Date "2010.10.31"]
[Round "4"]
[White "Duzhakov,I"]
[Black "Gasanov,E"]
[Result "1/2-1/2"]
[WhiteElo "2336"]
[BlackElo "2482"]

1.d4 Nf6 2.Nf3 e6 3.c4 b6 4.g3 Ba6 5.Qc2 Bb7 6.Bg2 c5 7.d5 exd5 8.cxd5 Nxd5
9.O-O Nc6 10.Rd1 Be7 11.a3 Nc7 12.Nc3 O-O 13.Bf4 Ne6 14.e3 Nxf4 15.gxf4 d6
16.Rd2 Qd7 17.Rad1 Rad8 18.Nd5 Qg4 19.h3 Qh5 20.Ne5 Bh4 21.Bf3 Qh6 22.Ng4 Qg6
23.Qxg6 hxg6 24.Nc7 Rd7 25.Nb5 Be7 26.Nxd6 Rfd8 27.Nxb7 Rxd2 28.Nxd8 Rxd1+
29.Bxd1 Nxd8 30.f3 c4 31.Be2 c3 32.bxc3 Bxa3 33.Ne5 Bb2 34.c4 Bxe5 35.fxe5 g5
36.Kf2 Ne6 37.Bd1 Kf8 38.Ke2 Ke7 39.Kd2 Kd7 40.Ba4+ Ke7 41.Kc3 Nc5 42.Bc2 a5
43.Kd4 Na6  1/2-1/2

[Event "14th OIBM"]
[Site "Bad Wiessee GER"]
[Date "2010.11.01"]
[Round "4.4"]
[White "Siebrecht,S"]
[Black "Iordachescu,V"]
[Result "1/2-1/2"]
[WhiteElo "2421"]
[BlackElo "2632"]

1.d4 Nf6 2.c4 e6 3.Nf3 b6 4.g3 Ba6 5.Qc2 Bb4+ 6.Bd2 Bxd2+ 7.Nbxd2 d5 8.Bg2 O-O
9.O-O Nbd7 10.Rfc1 c5 11.Qa4 Bb7 12.cxd5 Bxd5 13.b4 b5 14.Qxb5 Rb8 15.Qd3 cxb4
16.e4 Ba8 17.a3 a5 18.axb4 Rxb4 19.Ra3 a4 20.Qc2 Qa5 21.e5 Nd5 22.Nc4 Qa7
23.Nd6 h6 24.Bf1 N7b6 25.Bb5 Qb8 26.Bd3 Ne7 27.Bh7+ Kh8 28.Be4 Bxe4 29.Qxe4 Nbc8
30.Nc4 Nd5 31.g4 Rb3 32.Rxb3 Qxb3 33.g5 Nce7 34.gxh6 gxh6 35.Nd6 a3 36.Kh1 a2
37.Rg1 Ng6 38.Nd2 Qa4 39.Nxf7+ Rxf7 40.Qxg6 Qe8 41.Ra1 Qf8 42.Rxa2 Rxf2 43.Ra7 Rf1+
44.Nxf1 Qxf1+ 45.Qg1 Qf3+ 46.Qg2 Qd1+ 47.Qg1 Qf3+  1/2-1/2

[Event "Chigorin Mem Classic Open"]
[Site "St Petersburg RUS"]
[Date "2010.11.01"]
[Round "5"]
[White "Tunik,G"]
[Black "Pavlov,Aleks"]
[Result "1/2-1/2"]
[WhiteElo "2457"]
[BlackElo "2269"]

1.d4 Nf6 2.c4 e6 3.Nf3 b6 4.g3 Ba6 5.Qb3 Nc6 6.Nbd2 Na5 7.Qa4 c5 8.Bg2 Bb7
9.dxc5 bxc5 10.O-O Be7 11.Re1 O-O 12.e4 d6 13.e5 Ne8 14.exd6 Nxd6 15.Ne5 Bxg2
16.Kxg2 Rb8 17.Ndf3 Naxc4 18.Qxa7 Nb5 19.Qd7 Nxe5 20.Nxe5 Bf6 21.Qxd8 Rbxd8
22.Ng4 Bd4 23.a4 Nd6 24.Ra2 Nc4 25.a5 Ra8 26.a6 Rfb8 27.Ne3 Ne5 28.Rd1 Rb6
29.Nc2 Nc6 30.a7 e5 31.b4 Nxb4 32.Nxb4 Rxb4 33.Be3 Rb7 34.Bxd4 cxd4 35.Rda1 Kf8
36.Ra5 f6 37.Kf3 Ke7 38.Ke4 Rd7 39.Kd3 Rc7 40.f4 exf4 41.gxf4 Rd7 42.h4 g6
43.Ra6 Kf7 44.R6a5 Kg7 45.h5 gxh5 46.Rg1+ Kf8 47.Rga1 h4 48.Ke4 d3 49.Kf3 d2
50.Rd1 h3 51.Kg3 Rd3+ 52.Kh2 Kg7 53.Ra2 Kg6 54.Rdxd2 Rxd2+ 55.Rxd2 Rxa7 56.Kxh3 Kf5
57.Rd6 Ra3+ 58.Kg2 h6 59.Rb6 h5 60.Rc6 h4 61.Rb6 Rg3+ 62.Kh2 Rf3 63.Kg2 Rxf4
64.Rb8 Rd4 65.Kh3 Kg5 66.Rg8+ Kf4 67.Kxh4 Kf3+ 68.Kh3 f5 69.Ra8 Rd3 70.Kh2 f4
71.Rf8 Ke3 72.Kg2 Rd2+ 73.Kf1 Kf3 74.Kg1 Rg2+ 75.Kf1 Rc2 76.Kg1 Rc1+ 77.Kh2 Rd1
78.Rf5  1/2-1/2

[Event "14th OIBM"]
[Site "Bad Wiessee GER"]
[Date "2010.11.04"]
[Round "7.9"]
[White "Eingorn,V"]
[Black "Kostic,VG"]
[Result "1/2-1/2"]
[WhiteElo "2562"]
[BlackElo "2427"]

1.d4 Nf6 2.c4 e6 3.Nf3 b6 4.g3 Ba6 5.b3 d5 6.cxd5 exd5 7.Bg2 Bb4+ 8.Bd2 Bxd2+
9.Qxd2 O-O 10.Nc3 Re8 11.Ne5 Bb7 12.O-O Nbd7 13.Nxd7 Qxd7 14.Rac1 Re7 15.Rc2 Rae8
16.Rfc1 c6 17.Qf4 Ba6 18.Bf1 h6  1/2-1/2

[Event "Chigorin Mem Classic Open"]
[Site "St Petersburg RUS"]
[Date "2010.11.04"]
[Round "8"]
[White "Demianjuk,A"]
[Black "Airapetian,G"]
[Result "0-1"]
[WhiteElo "2328"]
[BlackElo "2451"]

1.d4 Nf6 2.c4 e6 3.Nf3 b6 4.g3 Ba6 5.b3 Bb4+ 6.Bd2 Be7 7.Bg2 c6 8.Bc3 d5
9.Ne5 Nfd7 10.Nxd7 Nxd7 11.Nd2 O-O 12.O-O Nf6 13.Re1 Qc7 14.e4 Rfd8 15.e5 Ne8
16.cxd5 cxd5 17.Rc1 Rac8 18.Bb2 Qd7 19.Re3 Rxc1 20.Qxc1 Bb4 21.a3 Rc8 22.Qd1 Be7
23.Nb1 Qb5 24.Bf1 Qxf1+ 25.Qxf1 Bxf1 26.Kxf1 Rc2 27.Re2 Rc7 28.Ke1 h5 29.Kd1 Kh7
30.h3 Kg6 31.f3 a6 32.Rc2 f6 33.Rxc7 Nxc7 34.exf6 gxf6 35.Ke2 Bd6 36.Kf2 Nb5
37.a4 Na7 38.Ba3 Bc7 39.Bb2 Nc6 40.Nd2 b5 41.axb5 axb5 42.f4 h4 43.Nf3 hxg3+
44.Kxg3 Na5 45.b4 Nc4 46.Nh4+ Kh5 47.Bc1 Bd6  0-1

[Event "TCh-FIN 2010-11"]
[Site "Helsinki FIN"]
[Date "2010.11.06"]
[Round "3.7"]
[White "Mertanen,J"]
[Black "Salo,H"]
[Result "1-0"]
[WhiteElo "2280"]
[BlackElo "2254"]

1.d4 Nf6 2.c4 e6 3.Nf3 b6 4.g3 Ba6 5.Qc2 Bb7 6.Bg2 c5 7.d5 exd5 8.cxd5 Bxd5
9.Nc3 Bc6 10.O-O Qc7 11.e4 Be7 12.Re1 d6 13.Nh4 O-O 14.Nf5 Re8 15.Bf4 Nbd7
16.Nxe7+ Rxe7 17.Rad1 Ne5 18.Bg5 Ned7 19.Qd3 h6 20.Bf4 Ne5 21.Qxd6 Ne8 22.Qxc7 Nxc7
23.Nd5 Bxd5 24.exd5 Rae8 25.Kf1 Nc4 26.Rxe7 Rxe7 27.d6 Rd7 28.dxc7 Rxd1+
29.Ke2  1-0

[Event "Russia Cup Final KO"]
[Site "Belgorod RUS"]
[Date "2010.11.08"]
[Round "1.2"]
[White "Chadaev,N"]
[Black "Zakhartsov,Vi"]
[Result "0-1"]
[WhiteElo "2554"]
[BlackElo "2602"]

1.d4 Nf6 2.Nf3 e6 3.c4 b6 4.g3 Ba6 5.Qa4 Bb7 6.Bg2 c5 7.dxc5 bxc5 8.O-O Be7
9.Nc3 O-O 10.Rd1 Qb6 11.Bf4 Rd8 12.Rab1 h6 13.Qb5 Ne8 14.Rd2 d6 15.Rbd1 Nc6
16.Qxb6 axb6 17.b3 g5 18.Be3 Ng7 19.Ne1 Nf5 20.Nc2 Rab8 21.Be4 Nxe3 22.Nxe3 Nd4
23.Bxb7 Rxb7 24.Nc2 Nxc2 25.Rxc2 f5 26.Rcd2 Kf7 27.Kg2 g4 28.h3 h5 29.hxg4 hxg4
30.Rd3 Rbd7 31.Na4 Rb7 32.Nc3 Rbd7 33.e3 Ra8 34.R1d2 Kg6 35.Na4 Rb8 36.Nc3 Ra8
37.e4 fxe4 38.Nxe4 Rad8 39.Nc3 Kf5 40.Re2 Bf6 41.f3 Bxc3 42.Rxc3 e5 43.fxg4+ Ke6
44.Rf3 Rg7 45.Ref2 Rxg4 46.Rf7 e4 47.R2f6+ Ke5 48.Rf5+ Kd4 49.Rd5+ Kc3 50.Rf4 Rxf4
51.gxf4 Kb4 52.Kf2 b5 53.cxb5 Kxb5 54.Ke3 Kc6 55.Rg5 d5 56.f5 Re8 57.f6 d4+
58.Ke2 Kd6 59.Rf5 Ke6 60.Rf1 Kf7 61.a4 Rb8 62.Rf5 Rxb3 63.Rxc5 Rb2+ 64.Kd1 Kxf6
65.a5 Ra2 66.Rc8 Ke5 67.Ra8 d3 68.a6 e3 69.Re8+ Kf4 70.Rf8+ Kg5  0-1

[Event "Russia Cup Final KO Women"]
[Site "Belgorod RUS"]
[Date "2010.11.12"]
[Round "3.2"]
[White "Turova,I"]
[Black "Kovanova,B"]
[Result "1-0"]
[WhiteElo "2439"]
[BlackElo "2380"]

1.d4 Nf6 2.c4 e6 3.Nf3 b6 4.g3 Ba6 5.Qa4 Bb7 6.Bg2 c5 7.dxc5 bxc5 8.Nc3 Be7
9.O-O O-O 10.Rd1 Qb6 11.Bf4 d6 12.Rab1 Na6 13.a3 Rac8 14.Qc2 d5 15.Ne5 Rfd8
16.g4 Bd6 17.cxd5 exd5 18.Qf5 h6 19.Nxf7 Bxf4 20.Nxd8 Bxh2+ 21.Kxh2 Rxd8
22.Nxd5 Bxd5 23.Bxd5+ Nxd5 24.Rxd5 Rf8 25.Qd7 Rxf2+ 26.Kg1 Rxe2 27.Qd8+ Kh7
28.Qxb6 axb6 29.Rd6 Re4 30.Rxb6 Nc7 31.Kf2 Ne6 32.Re1 Rf4+ 33.Kg3  1-0

[Event "Russia Cup Final KO Women"]
[Site "Belgorod RUS"]
[Date "2010.11.12"]
[Round "3.4"]
[White "Turova,I"]
[Black "Kovanova,B"]
[Result "1-0"]
[WhiteElo "2439"]
[BlackElo "2380"]

1.d4 Nf6 2.c4 e6 3.Nf3 b6 4.g3 Ba6 5.Qa4 Bb7 6.Bg2 Be7 7.O-O O-O 8.Re1 c5
9.d5 exd5 10.Nh4 Bc6 11.Qc2 dxc4 12.e4 d5 13.e5 Ne4 14.Nf5 Na6 15.Bxe4 Nb4
16.Nxe7+ Qxe7 17.Bxh7+ Kh8 18.Qf5 g6 19.Qh3 Bd7 20.Qh6  1-0